000
00313nam a2200121Ia 4500
008
190723s9999 xx 000 0 und d
020
_a
978-81-203-4808-0
100
_a
S.K Mangal
245
0
_a
Reearch Methodologyn in Behavioural Sciences
260
_a
Delhi
_b
PHI Learning
_c
2013
300
_a
740:p
942
_c
BK
999
_c
1570
_d
1570